000 00774cab a2200217 4500
001 X2572
008 090401t1995 xxu||||| |||| 00| 0 eng d
035 _a(Sirsi) u25075
041 _aeng
245 _aKingston Upon Thames BC v Marlow
260 _c1995
350 _a0
490 _aNew Property Cases
_v(1995) NPC 160, (2)
520 _aA tenant who accepts his landlord`s repudiation of his lease and who accordingly vacates the premises immediately ceases to be tenant and ceases to be liable for rates [Taken from journal headnote - no photocopying allowed].
650 _aLIABILITY FOR RATES
650 _aREPUDIATION OF LEASE
650 _aKINGSTON UPON THAMES BC V MARLOW
690 _aLANDLORD AND TENANT-CASE LAW
942 _n0
948 _c04/03/1997
999 _c16819
_d16819